00604 2200229 4500001002100000005001700021008004100038035002400079040001200103082000800115090001300123245006300136250001100199260004200210300003000252650001400282700001200296850001200308990001800320990001800338990001800356YOGYA-0209000001395320090227022354.0 ind  0010-020900000013953 aYOPDYOG a150 a150bPsi aPSIKOLOGI umumbbuku panduan mahasiswacIrwanto ...[et.al] aSet. 3 aJakartabGramedia Pustaka Utamac1994 axix, 305 hlmbilusc21 cm aPsikologi aIrwanto aYOPDYOG a95P0075771b1 a95P0062538b1 a62537-P/95b1